<?xml version="1.0" encoding="UTF-8"?>
<record
    xmlns:xsi="http://www.w3.org/2001/XMLSchema-instance"
    xsi:schemaLocation="http://www.loc.gov/MARC21/slim http://www.loc.gov/standards/marcxml/schema/MARC21slim.xsd"
    xmlns="http://www.loc.gov/MARC21/slim">

  <leader>06155cam a22003135a 4500</leader>
  <controlfield tag="001">16838584</controlfield>
  <controlfield tag="005">20180314135320.0</controlfield>
  <controlfield tag="008">110622s2012    caua   frb    001 0 eng d</controlfield>
  <datafield tag="020" ind1=" " ind2=" ">
    <subfield code="a">9781446207635</subfield>
  </datafield>
  <datafield tag="020" ind1=" " ind2=" ">
    <subfield code="a">1446207633</subfield>
  </datafield>
  <datafield tag="040" ind1=" " ind2=" ">
    <subfield code="a">NLM</subfield>
    <subfield code="b">eng</subfield>
    <subfield code="c">NLM</subfield>
    <subfield code="d">UKMGB</subfield>
    <subfield code="d">YDXCP</subfield>
    <subfield code="d">CDX</subfield>
    <subfield code="d">YOU</subfield>
    <subfield code="d">EEK</subfield>
    <subfield code="d">OHS</subfield>
    <subfield code="d">KSU</subfield>
    <subfield code="d">NLE</subfield>
    <subfield code="d">UKWOH</subfield>
    <subfield code="d">DLC</subfield>
    <subfield code="d">EG-ScBUE</subfield>
  </datafield>
  <datafield tag="082" ind1="0" ind2="4">
    <subfield code="a">362.1068</subfield>
    <subfield code="2">22</subfield>
    <subfield code="b">BAR</subfield>
  </datafield>
  <datafield tag="100" ind1="1" ind2=" ">
    <subfield code="a">Barr, Jill.</subfield>
  </datafield>
  <datafield tag="245" ind1="1" ind2="0">
    <subfield code="a">Leadership in health care /</subfield>
    <subfield code="c">Jill Barr and Lesley Dowding.</subfield>
  </datafield>
  <datafield tag="250" ind1=" " ind2=" ">
    <subfield code="a">2nd ed.</subfield>
  </datafield>
  <datafield tag="260" ind1=" " ind2=" ">
    <subfield code="a">Los Angeles :</subfield>
    <subfield code="b">SAGE,</subfield>
    <subfield code="c">2012.</subfield>
  </datafield>
  <datafield tag="300" ind1=" " ind2=" ">
    <subfield code="a">xiv, 304 p. :</subfield>
    <subfield code="b">ill. ;</subfield>
    <subfield code="c">25 cm.</subfield>
  </datafield>
  <datafield tag="504" ind1=" " ind2=" ">
    <subfield code="a">Includes bibliographical references and index.</subfield>
  </datafield>
  <datafield tag="505" ind1="2" ind2=" ">
    <subfield code="a">Pt. 1. The individual. 1. The nature of leadership : Relationships between leadership and followership ; Defining leadership ; Health care: a changing context ; Comparing leadership and management ; The art and science of leadership -- 2. What makes a leader : Clinical leaders in health care ; Characteristics of a leader ; Experiences of leaders in clinical practice ; Leadership and followership styles ; Assessing your abilities/skills ; Problem solving styles: the Myers-Briggs Type Indicator (MBTI) ; Reflective practitioner ; Practice mastery: evidence-based practice -- 3. Diversity, values and professional care : What is culture? ; Diversity of values in health care ; Ethnic diversity ; Age diversity ; Gender diversity ; Models of transcultural care ; Leading a culturally diverse team -- 4. Theories of leadership : Evolving theories of leadership ; Leadership as a collection of personal characteristics or traits ; Leadership as a function within an organisation ; Task needs ; The needs of the team ; Needs of individuals ; Leadership as an effect on group behaviours ; Leadership styles ; Emergence of contingency theories ; Fiedler model ; The Vroom-Jago Contingency Model (1988) ; Leadership as an influence on forming an organisational culture ; Anti leadership era ; New leadership --</subfield>
  </datafield>
  <datafield tag="505" ind1="2" ind2=" ">
    <subfield code="a">Pt. 2. The team. 5. Team life : Group and team characteristics ; Value of group/team membership ; Group unity ; Types of groups ; Formation of groups ; Classification of work groups ; Team leadership ; Group conflict ; Leadership teams -- 6. Interdisciplinary and interprofessional working : Definitions of concepts of interdisciplinary and interprofessional ; Experience of interprofessional working ; Contemporary health care practice across acute and community sectors ; Policy, leadership and working together ; Rationale for collaborative working practices ; Effective collaborative teams ; Issues of power and collaboration ; Other challenges to effective interprofessional working ; Communities of practice, tribalism, power and professional identities ; Learning and working together ; Confidentiality and ethical issues ; Interprofessional working and global health -- 7. Communication and leadership : Forms of communication ; Communication networks ; Effective communication ; Motivation and communication ; Development of written and electronic health care records ; Audit ; Active listening ; Neuro-linguistic programming ; Legal and ethical issues -- 8. Problem solving : What is problem solving? ; Problem management ; Traditional and contemporary approaches to problem solving ; The types of problems ; Scientific rational approach ; Intelligence or problem analysis ; Role of creative/intuitive approach in problem solving ; Idea generation or design ; Groupthink ; Choice and decision making ; Definitions of decision making and research ; Styles of decision making ; Application of research -- 9. Managing conflict : The concept of conflict ; Levels of conflict ; Stages of group life and conflict ; Cause of conflict ; Symptoms of conflict or collision ; Consequences of conflict ; Management of conflict ; Conflict management styles ; Cultural influences -- 10. Emotional intelligence : The concept of emotional intelligence ; Preferred learning styles ; The value of emotional intelligence in complex team working ; Positive psychology ; Neuro-leadership --</subfield>
  </datafield>
  <datafield tag="505" ind1="2" ind2=" ">
    <subfield code="a">Pt. 3. The organisation : 11. Theory of organisational life : What is the purpose of an organisation? ; Strategy, structure and systems ; Strategy ; Rational strategy ; Emergent strategies ; Vision, mission and goals ; Leadership and health policy ; Changing government strategy ; Public health, health promotion and policy ; Involvement in the policy-making process ; Structure ; Types of structures ; Organisational roles ; Accountability, responsibility, authority and delegation ; Accountability to the public ; Duty of care ; Employment accountability ; Organisational culture ; Health service systems ; Human resource management (HRM) ; Induction of new staff ; Training and development and the NHS framework for skills and knowledge -- 12. Quality : Historical context of quality movement in health care ; Total quality management (TQM) ; Concept of quality ; Models of quality in the health service ; Clinical governance ; Clinical audit ; Clinical effectiveness ; The NHS performance assessment framework ; Health equity and health equality ; Clinical risk management ; Quality assurance ; Staff development ; Professional development and clinical supervision ; Accountability and quality -- 13. Leadership for change : Defining change ; Theories of change management ; The leader as an instrument of change ; The process of change ; Response to change ; Leading the team through change ; Successful vs unsuccessful change ; Unplanned change ; Planned change ; Experiences for successful change ; Project management ; Planning for change ; Action learning sets -- 14. Conclusions : R&#xFFFD;esum&#xFFFD;e of chapters ; Leading health care in the future.</subfield>
  </datafield>
  <datafield tag="520" ind1="8" ind2=" ">
    <subfield code="a">'Leadership In Health Care' is an authoritative and timely book that addresses the need for leading skilled and evidence-based care within the context of a performance-measured health service--</subfield>
  </datafield>
  <datafield tag="650" ind1=" " ind2="7">
    <subfield code="a">Health services administration.</subfield>
    <subfield code="2">BUEsh</subfield>
    <subfield code="9">37459</subfield>
  </datafield>
  <datafield tag="650" ind1=" " ind2="7">
    <subfield code="a">Nursing services</subfield>
    <subfield code="x">Administration.</subfield>
    <subfield code="2">BUEsh</subfield>
    <subfield code="9">32499</subfield>
  </datafield>
  <datafield tag="651" ind1=" " ind2=" ">
    <subfield code="2">BUEsh</subfield>
  </datafield>
  <datafield tag="653" ind1=" " ind2=" ">
    <subfield code="b">NNUR</subfield>
    <subfield code="c">March2018</subfield>
  </datafield>
  <datafield tag="700" ind1="1" ind2=" ">
    <subfield code="a">Dowding, Lesley.</subfield>
  </datafield>
  <datafield tag="942" ind1=" " ind2=" ">
    <subfield code="2">ddc</subfield>
  </datafield>
  <datafield tag="999" ind1=" " ind2=" ">
    <subfield code="c">26303</subfield>
    <subfield code="d">26275</subfield>
  </datafield>
  <datafield tag="952" ind1=" " ind2=" ">
    <subfield code="0">0</subfield>
    <subfield code="1">0</subfield>
    <subfield code="2">ddc</subfield>
    <subfield code="4">0</subfield>
    <subfield code="7">0</subfield>
    <subfield code="a">MAIN</subfield>
    <subfield code="b">MAIN</subfield>
    <subfield code="c">1ST</subfield>
    <subfield code="d">2018-03-14</subfield>
    <subfield code="e">Purchase</subfield>
    <subfield code="g">267.00</subfield>
    <subfield code="h">21201</subfield>
    <subfield code="l">1</subfield>
    <subfield code="o">362.1068 BAR</subfield>
    <subfield code="p">000047405</subfield>
    <subfield code="r">2025-07-15 00:00:00</subfield>
    <subfield code="s">2022-11-27</subfield>
    <subfield code="v">334.00</subfield>
    <subfield code="y">BB</subfield>
  </datafield>
</record>
